| 000 | 00726nam a2200229 u 4500 | ||
|---|---|---|---|
| 005 | 20250111063800.0 | ||
| 008 | 160729s2010 es r 000 0 spa d | ||
| 020 | _a9788467708943 | ||
| 035 | _aUPN01000211986 | ||
| 049 | _aI | ||
| 050 | 4 |
_aQH541.14 _bJ5.2 |
|
| 100 | 1 |
_aJiménez, Núria _936300 |
|
| 245 | 1 | 1 |
_a¡Clic! : _bla energía / _cNúria Jiménez, Empar Jiménez ; il. Rosa M. Curto. |
| 260 |
_aMadrid : _bSusaeta, _c[201-]. |
||
| 300 |
_a35 p. : _bil. col. |
||
| 440 | 0 | _aCuidemos el planeta | |
| 650 | 4 |
_aNIÑOS Y EL MEDIO AMBIENTE _922056 |
|
| 650 | 4 |
_aNATURALEZA - _xCONSERVACION _924 |
|
| 650 | 4 |
_aEducación ambiental _vLiteratura infantil _924827 |
|
| 700 | 1 |
_aJiménez, Empar, _ecoaut. |
|
| 905 | _aInfantil | ||
| 999 |
_c184087 _d184087 |
||